01158 a2200229 450000500170000000800410001702000180005804000500007604100080012610000270013424501450016126000990030630000170040549000340042250400410045665000730049765000890057065100640065965100600072370000350078371001100081820140919124624.0140919s2014 ck gr|||| 00| 0 eng d a9789585840614 aCO-BoUCMbspacJose A. GerenadJose A. Gerena0 aspa1 aBrasset, David William14aLas estrategias de arranque automatico una opción para los desocupados en BucaramangacDavid William Brasset, Jorge Enrique Sáenz Castro c2014bCorporación Universitaria de Ciencia y DesarrolloaBucaramanga (Santander, Colombia))  a20 páginas aDocumentos de investigación aIncluye referencias bibliográficas 7aDesempleo xAspectos económicoszBucaramanga (Santander, Colombia) 7aParticipación ciudadana xAspectos económicoszBucaramanga (Santander, Colombia) 4aBucaramanga (Santander, Colombia)xCondiciones económicas 4aBucaramanga (Santander, Colombia)xCondiciones sociales1 aSáenz Castro, Jorge Enrique 1 aCorporación Universitaria de Ciencia y Desarrollo. UNICIENCIAbFacultad de Administración de empresas